000 00952nam a22002057a 4500
005 20111013113642.0
008 111013t xxu||||| |||| 00| 0 eng d
010 _aENG-103968
020 _c180.00
035 _aEN-87501
037 _bDBAD/PUB
040 _aDPL
_bEng
082 _a346.540488
245 _aThe trade marks act, 1999 (47 of 1999) as amended by the trade marks (amendment) act, 2010 (40 of 2010) with the trade marks rules, 2002 as amended by the trade marks (amendment) rules, 2010 along with short notes
_heng
260 _aDelhi
_bUniversal Law Publishing
_c2011
270 _aC-FF-1A, Dilkhush Industrial Estate, (Opp. Hans Cinema, Azadpur) G.T. Karnal Road,
_bDelhi
_e110033
300 _axxii,276,6p.
_c24cm (pbk)
942 _2ddc
_cEN
_h346.540488
_mTRA
999 _c57588
_d57588